Partial differential equations and boundary value problems / (Record no. 29165)

000 -LEADER
fixed length control field 00541 a2200157 4500
020 ## - INTERNATIONAL STANDARD BOOK NUMBER
International Standard Book Number 0139586202
020 ## - INTERNATIONAL STANDARD BOOK NUMBER
International Standard Book Number 9780139586200
082 04 - DEWEY DECIMAL CLASSIFICATION NUMBER
Classification number 515.353
090 ## - LOCALLY ASSIGNED LC-TYPE CALL NUMBER (OCLC); LOCAL CALL NUMBER (RLIN)
-- 535
-- 535
100 1# - MAIN ENTRY--PERSONAL NAME
Personal name Asmar, Nakhle H.
245 10 - TITLE STATEMENT
Title Partial differential equations and boundary value problems /
Statement of responsibility, etc. Nakhle H. Asmar.
260 ## - PUBLICATION, DISTRIBUTION, ETC.
Place of publication, distribution, etc. [S.l.] :
Name of publisher, distributor, etc. Prentice Hall,
Date of publication, distribution, etc. 1999.
300 ## - PHYSICAL DESCRIPTION
Extent 598 p. ;
Dimensions 25 cm.
942 ## - ADDED ENTRY ELEMENTS (KOHA)
Institution code [OBSOLETE] SNS
Koha item type Book
Call number prefix 515.353 ASM
Holdings
Withdrawn status Lost status Damaged status Not for loan Permanent Location Current Location Date acquired Total Checkouts Full call number Barcode Date last seen Price effective from Koha item type
        School of Natural Sciences (SNS) School of Natural Sciences (SNS) 05/26/2016   515.353 ASM SNS0000478 05/26/2016 05/26/2016 Book
© 2023 Central Library, National University of Sciences and Technology. All Rights Reserved.